Cumhuriyetçi Türk Partisi (Record no. 7773)

MARC details
000 -BAŞLIK
Sabit Uzunlukta Kontrol Alanı 00774na a2200253 4500
001 - KONTROL NUMARASI
Denetim Alanı 20884
003 - KONTROL NUMARASI IDENTIFIER
Denetim Alanı MIRAKIL
005 - SON İŞLEM TARİHİ VE ZAMANI
Denetim Alanı 20181213155148.0
008 - SABİT-BOY VERİ ELEMANLARI - GENEL BİLGİLER
Sabit Uzunlukta Kontrol Alanı 170127b tu 000 0
040 ## - KATALOGLAMA KAYNAK
Orijinal Kataloglama Ajansı Milas
Kataloglama Dili tur
Metne Dönüştürmek Ajansı TR-AnCHP
041 ## - DİL KODU
Metin / Ses Parça Veya Ayrı Başlığın Dil Kodu tur
082 ## - DEWEY ONLU SINIFLANDIRMA NUMARASI
Sınıflandırma Numarası 324.2372
Ürün Numarası C85 1998
090 ## - SINIFLAMA NUMARASI
Sınıflama Numarası 324.2372 C85 1998
110 ## - ANA GİRİŞ - KURUMSAL ADI
Giriş Elemanı Olarak Kurumsal Ad Veya Yargı Alanı Adı Cumhuriyetçi Türk Partisi (CTP)
245 ## - BAŞLIK TABLOSU
Başlık Cumhuriyetçi Türk Partisi
Başlığın Kalan Program-tüzük
Sorumluluk Tablosu, Vb CTP
246 ## - UNVAN FORM VARYING
Başlık Doğru / Kısa Başlığı Program-tüzük
260 ## - YAYIN, DAĞITIM, VB
Yayın, Dağıtım, Vb Yeri Lefkoşa
Yayıncı, Dağıtıcı, Vs Adı CTP
Yayın, Dağıtım, Vb Tarihi 1998
300 ## - FİZİKSEL TANIM
Kapsam 76 s.
Boyutlar 16 s.
610 ## - KONU KATMA GİRİŞ - TOPLANTI ADI
Giriş Elemanı Olarak Kurumsal Ad Veya Yargı Alanı Adı Cumhuriyetçi Türk Partisi (CTP)
Genel Alt Bölüm Programlar, 1998
610 ## - KONU KATMA GİRİŞ - TOPLANTI ADI
Giriş Elemanı Olarak Kurumsal Ad Veya Yargı Alanı Adı Cumhuriyetçi Türk Partisi (CTP)
Genel Alt Bölüm Tüzükler, 1998
650 ## - KONU KATMA GİRİŞ - TOPİKAL DÖNEM
Topikal Süreli Veya Coğrafi Ad Giriş Elemanı Sosyal demokrat partiler
Coğrafi Alt Bölümü Kıbrıs
710 ## - KATMA GİRİŞ - KURUMSAL ADI
Giriş Elemanı Olarak Kurumsal Ad Veya Yargı Alanı Adı Cumhuriyetçi Türk Partisi (CTP)
942 ## - EKLENDİ GİRİŞ ELEMANLARI (KOHA)
Sınıflandırma Veya Raf Düzeni Kaynak Dewey Decimal Classification
Koha Öğesi Türü Books
999 ## - SİSTEM KONTROL NUMARALARI (KOHA)
Koha Biblionumber 7773
Koha Biblioitemnumber 7773
Holdings
Kalıcı Konum Mevcut Konum Edinme Tarihi Edinim Kaynak Toplam Check-Out'Lar Tam Çağrı Numarası Barkod Tarih Son Görülme İtibaren Geçerli Fiyatlar Koha Öğesi Türü
CHP Kütüphanesi CHP Kütüphanesi 01/27/2017 Bağış   324.2372 C85 1998 012699 01/27/2017 01/27/2017 Books